Annals of tourism research.

Bibliographic Details
Corporate Authors: University of Wisconsin--Stout. Department of Habitational Resources, Tourism, Society for the Advancement of the Tourism Industry
Format: Journal
Language:English
Published: New York [etc.] : Pergamon [etc.]
Subjects:
Online Availability: Check for online availability

MARC

Tag First Indicator Second Indicator Subfields
LEADER 00000cas a2200000 4500
001 in00000091814
005 20210205155429.0
008 770207c19739999enkqx p 0 a0eng
010 |a  76649497  
012 |a 2  |b 3  |k 1  |l 1  |m 0 
022 |a 0160-7383  |2 z 
029 1 |a NLGGC  |b 843714328 
029 1 |a NZ1  |b 3941258 
029 1 |a AU@  |b 000000997093 
029 1 |a AU@  |b 000025085361 
035 |a (OCoLC)ocm02724733 
035 |a (OCoLC)02724733 
035 |9 AAK7149AM 
035 |a (OCoLC)2724733 
037 |b Department of Habitational Resources, University of Wisconsin-Stout, Menomonie, Wisconsin 54751 
040 |a DLC  |c DLC  |d NSD  |d OCL  |d NSD  |d NST  |d AIP  |d NSD  |d NST  |d NSD  |d NST  |d IUL  |d EYM  |d NST  |d NSD  |d CUS  |d DLC  |d WAU  |d UMC  |d SYS  |d IUL  |d OCLCQ  |d NSD  |d MUQ  |d NLGGC  |d UtOrBLW 
042 |a lc  |a nsdp 
049 |a TXAM 
050 0 0 |a G155.A1  |b A58 
082 0 4 |a 338.4/7/9105 
210 0 |a Ann. tour. res. 
222 0 |a Annals of tourism research 
245 0 0 |a Annals of tourism research. 
246 1 4 |a ATR, annals of tourism research  |f <1974-75> 
264 1 |a New York [etc.] :  |b Pergamon [etc.] 
300 |a volumes ;  |c 24 cm. 
310 |a 4 no. a year,  |b <2001>- 
321 |a 5 no. a year,  |b Sept. 1974-<Nov./Dec. 1975> 
321 |a Ten no. a year,  |b May 1974- 
336 |a text  |b txt  |2 rdacontent 
337 |a unmediated  |b n  |2 rdamedia 
338 |a volume  |b nc  |2 rdacarrier 
362 1 |a Began with v. 1, Nov. 1973. 
500 |a Published <2003->: Elsevier Science. 
500 |a Publisher varies. 
500 |a Abstracts of editorial page and articles in French. 
500 |a Description based on: Volume 9, number 1 (1982). 
500 |a Some issues also on 35 mm. microfilm. 
525 |a Cumulated indices issued as supplements. 
550 |a Vols. for 1973-1981 issued by the Dept. of Habitational Resources, Tourism, University of Wisconsin--Stout with the Society for the Advancement of the Tourism Industry. 
530 |a Also available on microfilm. 
530 |a Available also via the World Wide Web by subscription through ScienceDirect. 
650 0 |a Tourism  |v Periodicals. 
650 6 |a Tourisme  |v Périodiques. 
650 1 7 |a Toerisme.  |2 gtt 
650 1 7 |a Sociaal-economische aspecten.  |2 gtt 
710 2 |a University of Wisconsin--Stout.  |b Department of Habitational Resources, Tourism. 
710 2 |a Society for the Advancement of the Tourism Industry. 
776 1 |t Annals of tourism research (Online)  |w (DLC) 2002238466  |w (OCoLC)38523280 
850 |a AU  |a AzU  |a CLU  |a CSt  |a CU-Riv  |a CU-S  |a CU-SN  |a CaAEU  |a CaBVaS  |a CaMWUC  |a CaOONL  |a CaOTU  |a CaOWA  |a CoFS  |a DLC  |a DeU  |a FU  |a ICarbS  |a INS  |a IaAS  |a IaU  |a InU  |a KMK  |a KyU  |a LU  |a MBU  |a MH-P  |a MdU  |a MiU  |a MnU  |a MoU  |a NN  |a NSyU  |a NcD  |a NcU  |a NhU  |a NjR  |a PPT  |a PU  |a RPB  |a TxDaM  |a ULA  |a UU  |a WaU 
936 |a May, Sept./Oct. 1974-May/June, Sept./Oct.-Nov./Dec. 1975  |a v. 13, n. 4 
948 |a MFHD URL added  |b h  |c 2002/7/11  |d c  |e bsurratt  |f 1:40:33 pm 
994 |a C0  |b TXA 
999 |a MARS 
999 f f |s caae1590-a463-3679-9247-9c204fd05618  |i fd7de46c-b44b-3f8d-bd89-405c81b8d659  |t 0 
952 f f |p ric  |a Texas A&M University  |b Rellis Campus  |c Joint Library Facility  |d Remote Storage  |t 0  |e G155.A1 A58  |h Library of Congress classification  |i unmediated -- volume  |k v.24:no.1-2  |l 1997:Jan.-Apr.  |m A14822414230 
952 f f |p ric  |a Texas A&M University  |b Rellis Campus  |c Joint Library Facility  |d Remote Storage  |t 0  |e G155.A1 A58  |h Library of Congress classification  |i unmediated -- volume  |k v.29:no.3-4  |l 2002:July-Oct  |m A14829920800 
952 f f |p ric  |a Texas A&M University  |b Rellis Campus  |c Joint Library Facility  |d Remote Storage  |t 0  |e G155.A1 A58  |h Library of Congress classification  |i unmediated -- volume  |k v.10  |l 1983  |m A14812166102 
952 f f |p ric  |a Texas A&M University  |b Rellis Campus  |c Joint Library Facility  |d Remote Storage  |t 0  |e G155.A1 A58  |h Library of Congress classification  |i unmediated -- volume  |k v.23:no.3-4  |l 1996  |m A14820732014 
952 f f |p ric  |a Texas A&M University  |b Rellis Campus  |c Joint Library Facility  |d Remote Storage  |t 0  |e G155.A1 A58  |h Library of Congress classification  |i unmediated -- volume  |k v.27:no.1-2  |l 2000  |m A14826399432 
952 f f |p ric  |a Texas A&M University  |b Rellis Campus  |c Joint Library Facility  |d Remote Storage  |t 0  |e G155.A1 A58  |h Library of Congress classification  |i unmediated -- volume  |k v.9  |l 1982  |m A14812179888 
952 f f |p ric  |a Texas A&M University  |b Rellis Campus  |c Joint Library Facility  |d Remote Storage  |t 0  |e G155.A1 A58  |h Library of Congress classification  |i unmediated -- volume  |k v.29:no.1-2  |l 2002:Jan.-Apr.  |m A14829920842 
952 f f |p ric  |a Texas A&M University  |b Rellis Campus  |c Joint Library Facility  |d Remote Storage  |t 0  |e G155.A1 A58  |h Library of Congress classification  |i unmediated -- volume  |k v.19  |l 1992  |m A14816133931 
952 f f |p ric  |a Texas A&M University  |b Rellis Campus  |c Joint Library Facility  |d Remote Storage  |t 0  |e G155.A1 A58  |h Library of Congress classification  |i unmediated -- volume  |k v.14  |l 1987  |m A14811371102 
952 f f |p ric  |a Texas A&M University  |b Rellis Campus  |c Joint Library Facility  |d Remote Storage  |t 0  |e G155.A1 A58  |h Library of Congress classification  |i unmediated -- volume  |k v.17  |l 1990  |m A14815072417 
952 f f |p ric  |a Texas A&M University  |b Rellis Campus  |c Joint Library Facility  |d Remote Storage  |t 0  |e G155.A1 A58  |h Library of Congress classification  |i unmediated -- volume  |k v.28:no.1-2  |l 2001  |m A14828190648 
952 f f |p ric  |a Texas A&M University  |b Rellis Campus  |c Joint Library Facility  |d Remote Storage  |t 0  |e G155.A1 A58  |h Library of Congress classification  |i unmediated -- volume  |k v.25  |l 1998  |m A14826399351 
952 f f |p ric  |a Texas A&M University  |b Rellis Campus  |c Joint Library Facility  |d Remote Storage  |t 0  |e G155.A1 A58  |h Library of Congress classification  |i unmediated -- volume  |k v.26:no.3-4  |l 1999  |m A14826399393 
952 f f |p ric  |a Texas A&M University  |b Rellis Campus  |c Joint Library Facility  |d Remote Storage  |t 0  |e G155.A1 A58  |h Library of Congress classification  |i unmediated -- volume  |k v.16  |l 1989  |m A14812099868 
952 f f |p ric  |a Texas A&M University  |b Rellis Campus  |c Joint Library Facility  |d Remote Storage  |t 0  |e G155.A1 A58  |h Library of Congress classification  |i unmediated -- volume  |k v.25:no.1-2  |l 1998  |m A14823519091 
952 f f |p ric  |a Texas A&M University  |b Rellis Campus  |c Joint Library Facility  |d Remote Storage  |t 0  |e G155.A1 A58  |h Library of Congress classification  |i unmediated -- volume  |k v.25:no.3-4  |l 1998  |m A14824884384 
952 f f |p ric  |a Texas A&M University  |b Rellis Campus  |c Joint Library Facility  |d Remote Storage  |t 0  |e G155.A1 A58  |h Library of Congress classification  |i unmediated -- volume  |k v.15  |l 1988  |m A14811813227 
952 f f |p ric  |a Texas A&M University  |b Rellis Campus  |c Joint Library Facility  |d Remote Storage  |t 0  |e G155.A1 A58  |h Library of Congress classification  |i unmediated -- volume  |k v.28:no.3-4  |l 2001  |m A14829256641 
952 f f |p ric  |a Texas A&M University  |b Rellis Campus  |c Joint Library Facility  |d Remote Storage  |t 0  |e G155.A1 A58  |h Library of Congress classification  |i unmediated -- volume  |k v.21:no.1-3  |l 1994  |m A14819386999 
952 f f |p ric  |a Texas A&M University  |b Rellis Campus  |c Joint Library Facility  |d Remote Storage  |t 0  |e G155.A1 A58  |h Library of Congress classification  |i unmediated -- volume  |k v.22  |l 1995  |m A14820455353 
952 f f |p ric  |a Texas A&M University  |b Rellis Campus  |c Joint Library Facility  |d Remote Storage  |t 0  |e G155.A1 A58  |h Library of Congress classification  |i unmediated -- volume  |k v.26:no.1-2  |l 1999  |m A14825384688 
952 f f |p ric  |a Texas A&M University  |b Rellis Campus  |c Joint Library Facility  |d Remote Storage  |t 0  |e G155.A1 A58  |h Library of Congress classification  |i unmediated -- volume  |k v.13  |l 1986  |m A14811125755 
952 f f |p ric  |a Texas A&M University  |b Rellis Campus  |c Joint Library Facility  |d Remote Storage  |t 0  |e G155.A1 A58  |h Library of Congress classification  |i unmediated -- volume  |k v.18  |l 1991  |m A14815600383 
952 f f |p ric  |a Texas A&M University  |b Rellis Campus  |c Joint Library Facility  |d Remote Storage  |t 0  |e G155.A1 A58  |h Library of Congress classification  |i unmediated -- volume  |k v.12  |l 1985  |m A14812223459 
952 f f |p ric  |a Texas A&M University  |b Rellis Campus  |c Joint Library Facility  |d Remote Storage  |t 0  |e G155.A1 A58  |h Library of Congress classification  |i unmediated -- volume  |k v.23:no.1-2  |l 1996  |m A14820730648 
952 f f |p ric  |a Texas A&M University  |b Rellis Campus  |c Joint Library Facility  |d Remote Storage  |t 0  |e G155.A1 A58  |h Library of Congress classification  |i unmediated -- volume  |k v.27:no.3-4  |l 2000  |m A14827351712 
952 f f |p ric  |a Texas A&M University  |b Rellis Campus  |c Joint Library Facility  |d Remote Storage  |t 0  |e G155.A1 A58  |h Library of Congress classification  |i unmediated -- volume  |k v.11  |l 1984  |m A14811213346 
952 f f |p ric  |a Texas A&M University  |b Rellis Campus  |c Joint Library Facility  |d Remote Storage  |t 0  |e G155.A1 A58  |h Library of Congress classification  |i unmediated -- volume  |k v.24:no.3-4  |l 1997:July-Oct.  |m A14822414272 
952 f f |p ric  |a Texas A&M University  |b Rellis Campus  |c Joint Library Facility  |d Remote Storage  |t 0  |e G155.A1 A58  |h Library of Congress classification  |i unmediated -- volume  |k v.20  |l 1993  |m A14817247018 
998 f f |a G155.A1 A58  |s v.22-29 (1995-2002)  |t 0  |l Remote Storage